Las agroindustrias alimentarias en el marco del desarrollo regional /

Պահպանված է:
Մատենագիտական մանրամասներ
Հիմնական հեղինակ: Gasca Zamora, José
Ձևաչափ: Տեքստ
Ցուցիչներ: Ավելացրեք ցուցիչ
Չկան պիտակներ, Եղեք առաջինը, ով նշում է այս գրառումը!

MARC

LEADER 00000 a a2200000 04500
001 46025
003
040
100 |a Gasca Zamora, José  
245 |a Las agroindustrias alimentarias en el marco del desarrollo regional /  |c José Gasca Zamora  
773 |g número63 (1992), páginas 14-19  
999 |c 32496  |d 32496